Vista normal
Vista MARC
- Materia; Energía; Interacciones físicas; Leyes del movimiento; Física básica
Entrada Topical Term
Número de registros utilizados en: 2
001 - CONTROL NUMBER
- control field: 4208
003 - CONTROL NUMBER IDENTIFIER
- control field: MX-ChCB
005 - DATE AND TIME OF LATEST TRANSACTION
- control field: 20260127103137.0
008 - FIXED-LENGTH DATA ELEMENTS
- fixed length control field: 260127|| aca||aabn | a|a d
040 ## - CATALOGING SOURCE
- Original cataloging agency: MX-ChCB
- Transcribing agency: MX-ChCB
150 ## - HEADING--TOPICAL TERM
- Topical term or geographic name entry element: Materia; Energía; Interacciones físicas; Leyes del movimiento; Física básica
- Form subdivision: Libro de texto
- General subdivision: Educación media superior
670 ## - SOURCE DATA FOUND
- Source citation: Work cat.: (MX-ChCB): Mauleón Muñoz, Lariza 4207, La materia y sus interacciones, 2023

